000 00645nam a2200229 a 4500
001 67572
003 BD-RjUL
005 20211209081654.0
008 170327s1958 nyua 001 0 eng
035 _a(BD-RjUL)67703
040 _aDLC/ICU
_cICU
_dDLC
_dBD-RjUL
_beng
041 _aeng
082 0 0 _223
_a530.141
_bWAT 1958
100 1 _aWatkins, Dean A.
_9200220
245 1 0 _aTopics in electromagnetic theory /
_cDean A. Watkins
260 _aNew York :
_bWiley,
_cc1958.
300 _a118 p. :
_bill. ;
_c24 cm.
500 _aIncludes index.
650 0 _aElectromagnetic theory.
_9200221
650 0 _aMicrowaves.
_9200222
942 _2ddc
_cBK
999 _c67572
_d67572